000 00687nam a2200265Ia 4500
005 20260121170205.0
008 008 260114s9999 xx 000 0 eng d
020 _a9783319695990
037 _aEBOOK
040 _aCRL
040 _beng
040 _cCRL
041 _2eng
041 _aeng
084 _qCRL
100 _aCarl. R Poelking
_91060897
245 4 _aThe (Non-)Local Density of States of Electronic Excitations in Organic Semiconductors
260 _bSpringer
260 _bSpringer
260 _c2018
856 _uhttps://link.springer.com/openurl?genre=book&isbn=978-3-319-69599-0
942 _cEBOOK
999 _c1626626
_d1626626